000 01225nam a22002177a 4500
999 _c58915
_d58915
003 Ge_BSU
005 20221019103131.0
008 221019s2022 ge ||||| |||| 00| 0 geo d
020 _a9789941842719
041 _ageo
080 _a340.12 ჰ-39
100 _aჰეგელი, გეორგ ვილჰელმ ფრიდრიხ
_92873
245 _aსამართლის ფილოსოფია. ნაწილი 2. "მორალურობა" ($$ 105-141), წიგნი 3 /
_cგეორგ ვილჰელმ ფრიდრიხ ჰეგელი ; მთარგმნელი, წინასიტყვაობის ავტორი და რედაქტორი თამაზ აქუბარდია.
264 _aთბილისი :
_bივერიონი,
_c2022.
300 _a78 გვ. ;
_b20 სმ.
653 _aსამართალი
653 _aფილოსოფია
653 _aმორალურობა
700 _aაქუბარდია, თამაზ,
_eმთარგმნელი, წინასიტყვაობის ავტორი, რედაქტორი.
_93955
942 _2udc
_cBK